• 首页
  • 本馆介绍
  • 公告通知
  • 最新文献
  • 馆藏检索
  • 电子资源
  • 读者导购
  • 参考咨询
  • 我的图书馆
  • 登录
  • 详细信息显示
  • 放入我的书架
  • 预约/预借图书
  • 作者相关作品
  • 分类相关作品
  • 丛书相关作品
  • 出版社相关作品

书目信息

  • 表格格式
  • 工作单格式
  • 卡片格式
题名:
运动健身宜与忌
    
 
作者: 万里 , 谢英彪 主编
分册:  
出版信息: 北京   人民军医出版社  2007
页数: 11,232页
开本: 26cm
丛书名:
单 册:
中图分类: G806 , R87
科图分类:
主题词: 体育锻炼--基础知识 , 体育锻炼 , 运动医学--基本知识 , 运动医学
电子资源:
ISBN: 978-7-5091-1053-9
000 01140nam0 2200313 45
001 1130745765
005 20110310092933.06
010    @a978-7-5091-1053-9@dCNY29.00
100    @a20110122d2007 ekmy0chiy0120 ea
101 0  @achi
102    @aCN@b110000
105    @aa z 000yy
106    @ar
200 1  @a运动健身宜与忌@AYun Dong Jian Shen Yi Yu Ji@f万里,谢英彪主编@FWan Li, Xie Ying Biao Zhu Bian
210    @a北京@c人民军医出版社@d2007
215    @a11,232页@c图@d26cm
314    @a万里,江苏省人民医院暨南京医科大学第一附属医院康复医学科骨关节康复专家、讲师。
314    @a谢英彪,南京中医药大学三附院教授、主任医师、金陵名医馆终生专家。
330    @a本书针对各类不同人群的运动健身特点,从宜与忌的正反两个方面,详尽阐述了合理运动健身的好处,以及在运动健身过程中经常出现的种种不科学的做法,并提出了相应的改进方法。
606 0  @a体育锻炼@x基础知识
606 0  @a体育锻炼
606 0  @a运动医学@x基本知识
606 0  @a运动医学
690    @aG806@v4
690    @aR87@v4
701  0 @a万里@AWan Li@4主编
701  0 @a谢英彪@AXie Ying Biao@4主编
801  0 @aCN@bTANGWEI@c20110310
905    @b0531995-98@dG806@e446@f4
    
    运动健身宜与忌/万里,谢英彪主编.-北京:人民军医出版社,2007
    11,232页:图;26cm
    
    
    ISBN 978-7-5091-1053-9:CNY29.00
    本书针对各类不同人群的运动健身特点,从宜与忌的正反两个方面,详尽阐述了合理运动健身的好处,以及在运动健身过程中经常出现的种种不科学的做法,并提出了相应的改进方法。
●
相关链接 在E读中查询图书 在五车中查询图书 在当当中查询图书 在豆瓣中查询图书


正题名:运动健身宜与忌     索取号:G806/446         预约/预借

序号 登录号 条形码 馆藏地/架位号 状态 备注
1 0531995   205319957   第一样本阅览室/ [索取号:G806/446] 在馆    
2 0531996   205319966   密集书库-体育系/ [索取号:G806/446] 在馆    
3 0531997   205319975   第四借阅区/ [索取号:G806/446] 在馆    
4 0531998   205319984   第四借阅区/ [索取号:G806/446] 在馆    
唐山师范学院图书馆 欢迎您!
大连网信软件有限公司© 版权所有